Movies Quiz

Random Movies or Role Quiz

Not These Actors! Quiz Stats

 Plays Quiz Updated Jun 15, 2018

Score 0/25 Timer 12:00
0 Plays Today
% Correct
Jennifer Lawrence
88.1%
Matt Damon
70.8%
Tom Cruise
67%
Emma Stone
64%
Bill Murray
61.3%
Helena Bonham Carter
52.2%
Gary Oldman
45%
Samuel L. Jackson
44.2%
Amy Adams
43.8%
Vince Vaughn
42.5%
Meryl Streep
41%
Robert De Niro
38.8%
Julianne Moore
38.5%
% Correct
Morgan Freeman
38.3%
Ryan Reynolds
36.5%
Steve Buscemi
35.8%
Liam Neeson
34.4%
Colin Farrell
32.2%
Benedict Cumberbatch
30.9%
Zoe Saldana
30%
Josh Brolin
24.9%
Ben Kingsley
23.9%
Eva Green
23.4%
Chris Pratt
22.4%
Shia LaBeouf
17.2%

You're not logged in!

Compare scores with friends on all Sporcle quizzes.
OR
Log In

Sporcle TV

Today on Sporcle TV


Watch our educational content, quiz creation guides, and fun videos on Sporcle TV.

Show Comments

Extras

Top Quizzes Today


Score Distribution

Your Account Isn't Verified!

In order to create a playlist on Sporcle, you need to verify the email address you used during registration. Go to your Sporcle Settings to finish the process.

Report this User

Report this user for behavior that violates our Community Guidelines.

Details: